书目信息 |
| 题名: |
跳出历史的周期率
|
|
| 作者: | 陈舟 , 沈晓阳 著 | |
| 分册: | ||
| 出版信息: | 郑州 中原农民出版社 1993.6 |
|
| 页数: | 262页 | |
| 开本: | 20cm | |
| 丛书名: | 一代伟人毛泽东丛书 | |
| 单 册: | ||
| 中图分类: | A841.62 , A84 | |
| 科图分类: | ||
| 主题词: | ||
| 电子资源: | ||
| ISBN: | 7-80538-524-6 | |
| 000 | 00631oam2 2200241 450 | |
| 001 | 1558259849 | |
| 005 | 20150124194731.43 | |
| 010 | @a7-80538-524-6@dCNY6.90 | |
| 100 | @a19941226 m y0chiy0110 ea | |
| 101 | 0 | @achi |
| 105 | @ay 000yy | |
| 200 | 1 | @a跳出历史的周期率@e毛泽东与民主@f陈舟, 沈晓阳著 |
| 210 | @a郑州@c中原农民出版社@d1993.6 | |
| 215 | @a262页@d20cm | |
| 225 | 2 | @a一代伟人毛泽东丛书 |
| 461 | 0 | @12001 @a一代伟人毛泽东丛书 |
| 517 | 10 | @a毛泽东与民主 |
| 690 | @aA841.62@v5 | |
| 690 | @aA84@v4 | |
| 701 | 0 | @a陈舟@4著 |
| 701 | 0 | @a沈晓阳@4著 |
| 801 | 0 | @aCN@bTSSF@c20150124 |
| 905 | @aZUCC@dA84@eJY8 | |
| 跳出历史的周期率:毛泽东与民主/陈舟, 沈晓阳著.-郑州:中原农民出版社,1993.6 |
| 262页;20cm.-(一代伟人毛泽东丛书) |
| ISBN 7-80538-524-6:CNY6.90 |
| ● |
| 相关链接 |
|
|
|
|
正题名:跳出历史的周期率
索取号:A84/JY8
 
预约/预借
| 序号 | 登录号 | 条形码 | 馆藏地/架位号 | 状态 | 备注 |
| 1 | 7835577 | 278355771 | 学院路分馆/ [索取号:A84/JY8] | 在馆 | |
| 2 | 7843449 | 278434491 | 学院路分馆/ [索取号:A84/JY8] | 在馆 | |
| 3 | 7843450 | 278434507 | 学院路分馆/ [索取号:A84/JY8] | 在馆 | |
| 4 | 7843451 | 278434516 | 学院路分馆/ [索取号:A84/JY8] | 在馆 |